000 01676nam a22002297a 4500
005 20250806095802.0
008 250124b ||||| |||| 00| 0 eng d
020 _a9789348355218
040 _cAL
041 _aKannada
082 _223
_aK894.3
_bLAKC
100 _aLakshmana Kounte
_9234174
100 _bಲಕ್ಷ್ಮಣ ಕೌಂಟೆ
_9209446
245 _aChalukya Chakravarti Immadi Pulikeshi
_b: ಚಾಲುಕ್ಯ ಚಕ್ರವರ್ತಿ ಇಮ್ಮಡಿ ಪುಲಿಕೇಶಿ
260 _aBengaluru
_bVeeraloka books Pvt.Ltd
_c2024
300 _a345p
_bHB
_c22x15 cm
365 _aBLCR-000070
_b₹360.00
_c
_d₹450.00
_e20%
_f16-01-2025
520 _aಉತ್ತರಾಪಥೇಶ್ವರ ಎಂಬ ಬಿರುದಾಂಕಿತ, ಕಾನ್ಯಕುಬ್ಬದ ಸಾಮ್ರಾಟ, ಅಪಾರ ಸೈನ್ಯವನ್ನು ಹೊಂದಿದ ಹರ್ಷವರ್ಧನನಂತಹ ಮಹಾಪ್ರತಾಪಿಯನ್ನು ರಣತಂತ್ರದ ಮೂಲಕವೇ ಬಾದಾಮಿ ಚಾಲುಕ್ಯ ಪುಲಿಕೇಶಿ ಸೋಲಿಸಿದ್ದಲ್ಲದೇ, ಸೌಜನ್ಯ ಮತ್ತು ಸ್ನೇಹ ವಿಶ್ವಾಸಗಳಿಂದ ಅವನ ಹೃದಯವನ್ನು ಗೆದ್ದು ಅವನಿಂದಲೇ ಪರಮೇಶ್ವರ ಪುಲಿಕೇಶಿ ಎಂದು ಹೊಗಳಿಸಿಕೊಂಡ ದಕ್ಷಿಣ ಪಥೇಶ್ವರ ಇಮ್ಮಡಿ ಪುಲಿಕೇಶಿ ಕುರಿತ ಐತಿಹಾಸಿಕ ಕಾದಂಬರಿ.
650 _ahistorical Novel
_9195355
650 _aಐತಿಹಾಸಿಕ ಕಾದಂಬರಿ
_9195356
942 _2ddc
_cREF
999 _c233703
_d233703